[Event "4NCL/Div1/SLOS1 vs. HKF1"]
[Site "Coventry ENG"]
[Date "2007.01.13"]
[Round "5.3"]
[White "Martyn, Rafe"]
[Black "Hanley, Craig A"]
[Result "1/2-1/2"]
[WhiteElo "2276"]
[BlackElo "2435"]
[PlyCount "86"]
[EventDate "2007.01.13"]
[EventType "team"]
[EventRounds "11"]
[EventCountry "ENG"]
[WhiteTeam "Slough Sharks 1"]
[BlackTeam "H Kingfisher 1"]

1. d4 Nf6 2. c4 e6 3. g3 c5 4. d5 exd5 5. cxd5 b5 6. Nd2 d6 7. e4 Nbd7 8. Bxb5
Be7 9. Ngf3 O-O 10. O-O Rb8 11. Bd3 Ng4 12. Re1 Nge5 13. Nxe5 Nxe5 14. Bf1 Bf6
15. Rb1 Qa5 16. a3 Bg4 17. Be2 Bxe2 18. Qxe2 c4 19. Rd1 c3 20. bxc3 Qxc3 21.
Kg2 Qc2 22. Rxb8 Rxb8 23. Kf1 Qc3 24. Qe3 Qxe3 25. fxe3 Rc8 26. Bb2 Ng4 27. Rc1
Nxh2+ 28. Kg2 Rxc1 29. Bxc1 Ng4 30. Nc4 Be5 31. a4 Kf8 32. Na5 Bc3 33. Nc6 a5
34. Kf3 Ne5+ 35. Nxe5 dxe5 36. Ba3+ Ke8 37. g4 f6 38. Bc5 g6 39. Ba3 Kd7 40.
Bc5 Ke8 41. Ba3 Kd7 42. Ke2 Ke8 43. Kf3 Kd7 1/2-1/2

[Event "4NCL/Div1/SLOS1 vs. HKF1"]
[Site "Coventry ENG"]
[Date "2007.01.13"]
[Round "5.4"]
[White "Williams, Simon K"]
[Black "Gourlay, Iain"]
[Result "1-0"]
[WhiteElo "2483"]
[BlackElo "2348"]
[PlyCount "67"]
[EventDate "2007.01.13"]
[EventType "team"]
[EventRounds "11"]
[EventCountry "ENG"]
[WhiteTeam "H Kingfisher 1"]
[BlackTeam "Slough Sharks 1"]

1. d4 Nf6 2. c4 g6 3. Nc3 Bg7 4. h3 d5 5. g4 h6 6. Bg2 c6 7. Nf3 O-O 8. Ne5
Nbd7 9. f4 e6 10. O-O Nxe5 11. dxe5 Nd7 12. cxd5 cxd5 13. e4 g5 14. f5 Nxe5 15.
exd5 exf5 16. gxf5 Nc4 17. Ne4 Nd6 18. f6 Nxe4 19. fxg7 Re8 20. Be3 Ng3 21. Qf3
Qe7 22. Rfe1 Nf5 23. Bf2 Qd8 24. Rxe8+ Qxe8 25. Re1 Qd8 26. Qd3 Nxg7 27. Bd4
Bf5 28. Qg3 Qf8 29. Qe5 f6 30. Qxf6 Qxf6 31. Bxf6 Re8 32. Rd1 Kf7 33. Bc3 b6
34. Rf1 1-0

[Event "4NCL/Div1/SLOS1 vs. HKF1"]
[Site "Coventry ENG"]
[Date "2007.01.13"]
[Round "5.5"]
[White "Krensing, Jan"]
[Black "Trent, Lawrence"]
[Result "1-0"]
[WhiteElo "2301"]
[BlackElo "2456"]
[PlyCount "105"]
[EventDate "2007.01.13"]
[EventType "team"]
[EventRounds "11"]
[EventCountry "ENG"]
[WhiteTeam "Slough Sharks 1"]
[BlackTeam "H Kingfisher 1"]

1. d4 Nf6 2. c4 g6 3. g3 Bg7 4. Bg2 O-O 5. Nf3 d6 6. O-O Nc6 7. Nc3 a6 8. b3
Rb8 9. Nd5 Nd7 10. Bb2 e6 11. Ne3 Ne7 12. Qc2 h6 13. Rac1 f5 14. Rfd1 Nf6 15.
c5 d5 16. Ne5 c6 17. b4 g5 18. a4 Qe8 19. Bc3 f4 20. Nf1 Nd7 21. gxf4 gxf4 22.
Nd2 Nxe5 23. dxe5 Qh5 24. Nf3 Bd7 25. Qb2 Ng6 26. Kh1 Kh8 27. Rg1 Rf7 28. Nd4
Nh4 29. Bf3 Nxf3 30. Nxf3 Qf5 31. Rg2 Qe4 32. Rd1 b6 33. cxb6 Rxb6 34. Bd4 Rb8
35. Qd2 Bf8 36. Bc5 Bxc5 37. bxc5 Rb1 38. Rxb1 Qxb1+ 39. Rg1 Qe4 40. Qa5 Rf8
41. Qxa6 Be8 42. Qb7 Bg6 43. Qe7 Rf7 44. Qe8+ Kh7 45. Qxe6 Rg7 46. h4 d4 47.
Qg4 h5 48. Qg2 Kh8 49. Ng5 Qxe2 50. a5 Qxe5 51. Qxc6 f3 52. Qxg6 Kg8 53. Qxg7+
1-0

[Event "4NCL/Div1/SLOS1 vs. HKF1"]
[Site "Coventry ENG"]
[Date "2007.01.13"]
[Round "5.6"]
[White "Greet, Andrew N"]
[Black "Rees, Ioan"]
[Result "1-0"]
[WhiteElo "2425"]
[BlackElo "2268"]
[PlyCount "109"]
[EventDate "2007.01.13"]
[EventType "team"]
[EventRounds "11"]
[EventCountry "ENG"]
[WhiteTeam "H Kingfisher 1"]
[BlackTeam "Slough Sharks 1"]

1. e4 c5 2. Nf3 Nc6 3. Bb5 e6 4. O-O Nge7 5. c3 a6 6. Ba4 b5 7. Bc2 Bb7 8. Qe2
d5 9. e5 d4 10. Be4 Nd5 11. d3 Be7 12. cxd4 cxd4 13. Nbd2 O-O 14. Nb3 Qb6 15.
Bxd5 exd5 16. Bg5 Rfe8 17. Bxe7 Rxe7 18. Qd2 Nxe5 19. Nfxd4 Qg6 20. Rae1 Rae8
21. Re3 f5 22. Rg3 Qf6 23. f4 Nc6 24. Qf2 Nxd4 25. Qxd4 Kf7 26. Qxf6+ Kxf6 27.
Nd4 b4 28. Rgf3 Rc8 29. Kf2 a5 30. Re3 Ba6 31. Rxe7 Kxe7 32. Ke3 g6 33. Re1 Kd6
34. Kd2 Kc5 35. Ne6+ Kd6 36. Ng5 Bb5 37. h3 a4 38. Nf3 b3 39. Nd4 Bd7 40. axb3
Kc5 41. Nf3 axb3 42. Re7 Kd6 43. Re2 Bb5 44. Nd4 Ba4 45. Re6+ Kc5 46. Kc3 Rc7
47. Ra6 Bd7 48. Ra3 Kd6+ 49. Kd2 g5 50. Ra6+ Kc5 51. Nxb3+ Kb4 52. Nd4 gxf4 53.
Rh6 Kc5 54. Kc3 Bc8 55. b4# 1-0

[Event "4NCL/Div1/SLOS1 vs. HKF1"]
[Site "Coventry ENG"]
[Date "2007.01.13"]
[Round "5.7"]
[White "Rudolf, Anna"]
[Black "Houska, Jovanka"]
[Result "0-1"]
[WhiteElo "2279"]
[BlackElo "2384"]
[PlyCount "102"]
[EventDate "2007.01.13"]
[EventType "team"]
[EventRounds "11"]
[EventCountry "ENG"]
[WhiteTeam "Slough Sharks 1"]
[BlackTeam "H Kingfisher 1"]

1. e4 c6 2. d4 d5 3. exd5 cxd5 4. c4 Nf6 5. Nc3 Nc6 6. cxd5 Nxd5 7. Nf3 Bg4 8.
Qb3 Bxf3 9. gxf3 Nb6 10. d5 Nd4 11. Qd1 e5 12. dxe6 fxe6 13. Be3 Bc5 14. Bb5+
Nxb5 15. Bxc5 Nxc3 16. Qxd8+ Rxd8 17. bxc3 Nc4 18. Rd1 Rxd1+ 19. Kxd1 Kf7 20.
f4 Rd8+ 21. Kc1 b6 22. Bd4 Rd5 23. Kc2 Ra5 24. Kd3 Nd6 25. Be5 Nf5 26. Ra1 Ne7
27. c4 Ng6 28. Bd6 Kf6 29. a3 Rh5 30. Rh1 Kf5 31. Ke3 Rh3+ 32. f3 Nh4 33. Rf1
Rxh2 34. Rg1 Ng2+ 35. Kd4 g6 36. Rb1 Nh4 37. Rb5+ Kf6 38. Ke4 Ra2 39. c5 Nf5
40. Be5+ Ke7 41. cxb6 Rxa3 42. Bd4 Nd6+ 43. Ke5 Nc4+ 44. Ke4 Nd2+ 45. Ke5 Nxf3+
46. Ke4 Nd2+ 47. Ke5 Nc4+ 48. Ke4 Nd6+ 49. Ke5 axb6 50. Bc5 bxc5 51. Rxc5 Ra5
0-1

[Event "4NCL/Div1/SLOS1 vs. HKF1"]
[Site "Coventry ENG"]
[Date "2007.01.13"]
[Round "5.8"]
[White "Crouch, Colin"]
[Black "Roberson, Peter T"]
[Result "1/2-1/2"]
[WhiteElo "2366"]
[BlackElo "2202"]
[PlyCount "166"]
[EventDate "2007.01.13"]
[EventType "team"]
[EventRounds "11"]
[EventCountry "ENG"]
[WhiteTeam "H Kingfisher 1"]
[BlackTeam "Slough Sharks 1"]

1. d4 Nf6 2. c4 c5 3. d5 e6 4. Nc3 exd5 5. cxd5 d6 6. e4 g6 7. f4 Bg7 8. Bb5+
Nfd7 9. a4 a6 10. Bd3 Qh4+ 11. Kf1 O-O 12. Nf3 Qd8 13. Kf2 Nf6 14. h3 Nbd7 15.
Re1 Ne8 16. Qe2 Ndf6 17. Bc4 Nc7 18. e5 Nfe8 19. Be3 b6 20. Kg1 Bb7 21. Rad1
Qd7 22. Bf2 Bh6 23. Bh4 f6 24. Ne4 Bg7 25. exd6 Nxd6 26. Nxd6 Qxd6 27. Qe7 Rad8
28. f5 Qxe7 29. Rxe7 Bxd5 30. Be2 Rfe8 31. Rxe8+ Rxe8 32. Kf2 gxf5 33. Bg3 f4
34. Bxf4 Ne6 35. Be3 Rd8 36. Bxa6 f5 37. Ng5 Nd4 38. Bf4 h6 39. Nf3 Nxf3 40.
Rxd5 Rxd5 41. Bc4 Ne5 42. Bxd5+ Kf8 43. Ke3 Ke7 44. b3 Kd6 45. Bg8 Kd7 46. Bg3
Nc6 47. Be1 Kd6 48. Bg3+ Kd7 49. Bf4 Ne5 50. Bh2 Nc6 51. Bc4 Bd4+ 52. Ke2 Be5
53. Bg1 Bd4 54. Be3 Bxe3 55. Kxe3 Ke7 56. Bg8 Kf6 57. Kd3 Ne7 58. Bc4 Ke5 59.
Ba6 Kd6 60. Bb7 Ng6 61. Kc4 Nf4 62. Kb5 Kc7 63. Bf3 Ne6 64. Kc4 Kd6 65. Bb7 Nf4
66. b4 cxb4 67. Kxb4 Nd3+ 68. Kb5 Kc7 69. Bd5 Nf4 70. Bf3 Ne6 71. Ba8 Nf4 72.
g4 fxg4 73. hxg4 Ng6 74. Be4 Ne5 75. Bf5 Nf7 76. Be6 Ne5 77. Kb4 Kd6 78. Bc8
Nd3+ 79. Kc4 Nc5 80. Kb5 Ke5 81. a5 bxa5 82. Kxc5 Kf4 83. Kb5 Kg5 1/2-1/2

[Event "4NCL/Div1/NWE1 vs. WGR"]
[Site "Coventry ENG"]
[Date "2007.01.13"]
[Round "5.1"]
[White "Hennigan, Michael T"]
[Black "Cramling, Pia"]
[Result "0-1"]
[WhiteElo "2390"]
[BlackElo "2530"]
[PlyCount "58"]
[EventDate "2007.01.13"]
[EventType "team"]
[EventRounds "11"]
[EventCountry "ENG"]
[WhiteTeam "N W Eagles 1"]
[BlackTeam "Wood Green"]

1. g3 c5 2. Bg2 g6 3. Nf3 Bg7 4. O-O Nc6 5. d3 d6 6. c4 e6 7. Nc3 Nge7 8. Bd2
O-O 9. a3 Qd7 10. Rb1 b6 11. b4 Bb7 12. Qc1 Nd4 13. Nxd4 cxd4 14. Nd1 Bxg2 15.
Kxg2 Rac8 16. Bh6 d5 17. Bxg7 Kxg7 18. Nb2 dxc4 19. dxc4 e5 20. Qd2 Nf5 21.
Rfd1 Rfd8 22. Kg1 Qe6 23. Rbc1 e4 24. Qf4 h5 25. Rc2 d3 26. exd3 Nd4 27. Qc1
Qh3 28. f4 exf3 29. Qd2 Ne2+ 0-1

[Event "4NCL/Div1/NWE1 vs. WGR"]
[Site "Coventry ENG"]
[Date "2007.01.13"]
[Round "5.2"]
[White "Turner, Matthew J"]
[Black "Macak, Stefan"]
[Result "1-0"]
[WhiteElo "2490"]
[BlackElo "2373"]
[PlyCount "109"]
[EventDate "2007.01.13"]
[EventType "team"]
[EventRounds "11"]
[EventCountry "ENG"]
[WhiteTeam "Wood Green"]
[BlackTeam "N W Eagles 1"]

1. c4 c5 2. g3 Nf6 3. Bg2 d5 4. cxd5 Nxd5 5. Nc3 Nc7 6. Qa4+ Qd7 7. Nf3 Nc6 8.
O-O e5 9. Ne1 Nd4 10. Qxd7+ Kxd7 11. b3 Rb8 12. Bb2 b6 13. e3 Nc6 14. Nf3 Ba6
15. Rfd1 Bd3 16. Ne1 Bg6 17. d4 cxd4 18. exd4 exd4 19. Ne2 Ne6 20. Nxd4 Ncxd4
21. Bxd4 Nxd4 22. Rxd4+ Ke6 23. Nf3 f5 24. Re1+ Kf6 25. Ne5 Be8 26. b4 Be7 27.
g4 Rd8 28. Bd5 Bxb4 29. g5+ Kxg5 30. Nf3+ Kf6 31. Re6+ Kf7 32. Rd6+ Ke7 33.
Rxd8 Kxd8 34. Rxb4 Bd7 35. Ne5 Re8 36. f4 Re7 37. Rd4 Kc7 38. Bg8 h6 39. Rxd7+
Rxd7 40. Nxd7 Kxd7 41. Kf2 Kd6 42. Ke3 g5 43. Bc4 Ke7 44. Ba6 Ke6 45. Bc8+ Kf6
46. a4 Kg6 47. Kf3 Kf6 48. Kg3 Kg6 49. h4 gxf4+ 50. Kxf4 Kh5 51. Kg3 Kg6 52.
Ba6 Kf6 53. Kf4 Kg6 54. Be2 Kf6 55. h5 1-0

[Event "4NCL/Div1/NWE1 vs. WGR"]
[Site "Coventry ENG"]
[Date "2007.01.13"]
[Round "5.4"]
[White "Sowray, Peter J"]
[Black "Morrison, Graham"]
[Result "1/2-1/2"]
[WhiteElo "2325"]
[BlackElo "2335"]
[PlyCount "61"]
[EventDate "2007.01.13"]
[EventType "team"]
[EventRounds "11"]
[EventCountry "ENG"]
[WhiteTeam "Wood Green"]
[BlackTeam "N W Eagles 1"]

1. e4 c5 2. Nf3 e6 3. d3 d5 4. Qe2 Nf6 5. g3 Be7 6. Bg2 b5 7. O-O O-O 8. e5 Ne8
9. c4 Nc7 10. h4 Nc6 11. Bf4 a5 12. Nc3 Ba6 13. b3 Nd4 14. Nxd4 cxd4 15. Nb1
Rc8 16. Nd2 bxc4 17. dxc4 dxc4 18. Nxc4 Nd5 19. Bd2 Bb4 20. Bg5 Qc7 21. Qg4 Kh8
22. Rad1 Bxc4 23. bxc4 Nc3 24. Rxd4 Qxe5 25. Rd7 Qe2 26. Bf3 Qxc4 27. Qh5 Rc7
28. Bh6 Rxd7 29. Bxg7+ Kxg7 30. Qg5+ Kh8 31. Qf6+ 1/2-1/2

[Event "4NCL/Div1/NWE1 vs. WGR"]
[Site "Coventry ENG"]
[Date "2007.01.13"]
[Round "5.5"]
[White "Carleton, John J"]
[Black "Pein, Malcolm"]
[Result "1-0"]
[WhiteElo "2306"]
[BlackElo "2401"]
[PlyCount "73"]
[EventDate "2007.01.13"]
[EventType "team"]
[EventRounds "11"]
[EventCountry "ENG"]
[WhiteTeam "N W Eagles 1"]
[BlackTeam "Wood Green"]

1. d4 Nf6 2. Bg5 e6 3. e4 c5 4. e5 h6 5. Bc1 Nh7 6. f4 cxd4 7. Nf3 Bb4+ 8. Nbd2
Nc6 9. Bd3 O-O 10. a3 Be7 11. Ne4 d5 12. Nf2 f5 13. Qe2 Bd7 14. Bd2 Qb6 15. O-O
Na5 16. b3 a6 17. Kh1 Rac8 18. a4 Nc6 19. g4 Nb4 20. Bxb4 Bxb4 21. gxf5 exf5
22. Rg1 Qd8 23. Rg3 Rc7 24. Rag1 Bc8 25. Nd1 Kh8 26. Qg2 g5 27. fxg5 f4 28. Rh3
Bxh3 29. Qxh3 Be7 30. g6 Rg8 31. Qxh6 Bf8 32. Qxf4 Bg7 33. Ng5 Bh6 34. Nf7+
Rxf7 35. Qxf7 Rg7 36. Qf5 Ng5 37. Qf6 1-0

[Event "4NCL/Div1/NWE1 vs. WGR"]
[Site "Coventry ENG"]
[Date "2007.01.13"]
[Round "5.6"]
[White "Tiller, Bjorn"]
[Black "Kennaugh, Charles W"]
[Result "1-0"]
[WhiteElo "2371"]
[BlackElo "2287"]
[PlyCount "75"]
[EventDate "2007.01.13"]
[EventType "team"]
[EventRounds "11"]
[EventCountry "ENG"]
[WhiteTeam "Wood Green"]
[BlackTeam "N W Eagles 1"]

1. e4 e5 2. f4 exf4 3. Bc4 Nc6 4. d4 Nf6 5. e5 d5 6. Bb5 Ne4 7. Bxf4 Be7 8. Nf3
O-O 9. O-O Bd7 10. Bd3 f5 11. exf6 Bxf6 12. Nc3 Bg4 13. Ne2 Bxd4+ 14. Nexd4
Nxd4 15. Bxe4 Rxf4 16. Qxd4 Rxe4 17. Qd2 Bxf3 18. Rxf3 Qd7 19. Raf1 Qe6 20. h3
h6 21. Rf7 Rd8 22. Qc3 Qxf7 23. Rxf7 Kxf7 24. Qxc7+ Ke8 25. Qxg7 Rd6 26. Qxb7
a6 27. b4 h5 28. a4 h4 29. Qb8+ Kd7 30. Qa7+ Ke6 31. c3 d4 32. cxd4 Rexd4 33.
Qc5 Re4 34. b5 axb5 35. axb5 Re5 36. Qc4+ Kd7 37. Qg4+ Kc7 38. Qg7+ 1-0

[Event "4NCL/Div1/NWE1 vs. WGR"]
[Site "Coventry ENG"]
[Date "2007.01.13"]
[Round "5.7"]
[White "van der Linden, Lukas"]
[Black "Woodward, Timothy"]
[Result "1/2-1/2"]
[WhiteElo "2290"]
[BlackElo "2331"]
[PlyCount "89"]
[EventDate "2007.01.13"]
[EventType "team"]
[EventRounds "11"]
[EventCountry "ENG"]
[WhiteTeam "N W Eagles 1"]
[BlackTeam "Wood Green"]

1. d4 Nf6 2. c4 e6 3. Nf3 c5 4. d5 d6 5. Nc3 exd5 6. cxd5 g6 7. e4 a6 8. a4 Bg4
9. Be2 Bxf3 10. Bxf3 Nbd7 11. O-O Bg7 12. Bg5 O-O 13. Qd2 Re8 14. Qf4 Qe7 15.
h4 h5 16. Rfe1 Qf8 17. Qg3 Nh7 18. Bf4 Ne5 19. Be2 Qe7 20. Qh2 Rad8 21. f3 Qc7
22. Kh1 Nf6 23. Qg1 Nfd7 24. Rac1 Qb6 25. Rb1 Qb4 26. Rec1 Nb6 27. Qd1 Qd4 28.
b4 Qf2 29. bxc5 Qxh4+ 30. Bh2 Nbc4 31. Bxc4 Nxc4 32. Ne2 Nb2 33. Qb3 f5 34.
Rxb2 Bxb2 35. Qxb2 fxe4 36. Nf4 exf3 37. Ne6 Rd7 38. gxf3 dxc5 39. Rg1 Kh7 40.
Nxc5 Rf7 41. Ne4 Rxe4 42. Qg2 g5 43. fxe4 Rf2 44. Qg3 Rxh2+ 45. Qxh2 1/2-1/2

[Event "4NCL/Div1/NWE1 vs. WGR"]
[Site "Coventry ENG"]
[Date "2007.01.13"]
[Round "5.8"]
[White "Law, Andrew P"]
[Black "Lyell, Meri"]
[Result "1/2-1/2"]
[WhiteElo "2303"]
[BlackElo "2061"]
[PlyCount "44"]
[EventDate "2007.01.13"]
[EventType "team"]
[EventRounds "11"]
[EventCountry "ENG"]
[WhiteTeam "Wood Green"]
[BlackTeam "N W Eagles 1"]

1. Nf3 Nf6 2. c4 c6 3. Nc3 d5 4. d4 dxc4 5. a4 Bf5 6. e3 e6 7. Bxc4 Bb4 8. O-O
Nbd7 9. Qe2 Ne4 10. Bd3 Ndf6 11. Qc2 Nxc3 12. bxc3 Bxd3 13. Qxd3 Be7 14. e4 Qa5
15. Bf4 O-O 16. Rfb1 b6 17. Ne5 Rac8 18. h3 Rfd8 19. Qf3 c5 20. Rb5 Qa6 21.
dxc5 Rxc5 22. Rxc5 bxc5 1/2-1/2

[Event "4NCL/Div1/3CS1 vs. SWD1"]
[Site "Coventry ENG"]
[Date "2007.01.13"]
[Round "5.1"]
[White "Davies, Nigel R"]
[Black "Cobb, James E"]
[Result "1/2-1/2"]
[WhiteElo "2503"]
[BlackElo "2420"]
[PlyCount "89"]
[EventDate "2007.01.13"]
[EventType "team"]
[EventRounds "11"]
[EventCountry "ENG"]
[WhiteTeam "3Cs Oldham"]
[BlackTeam "S W Dragons 1"]

1. c4 e5 2. Nc3 Nf6 3. Nf3 Nc6 4. g3 Bc5 5. Bg2 d6 6. O-O a6 7. e3 Ba7 8. b3
O-O 9. h3 Bf5 10. d3 h6 11. Kh2 Bh7 12. Bb2 Rb8 13. Qd2 b5 14. Nh4 Nb4 15. e4
Bd4 16. Nf5 Bxf5 17. exf5 Qd7 18. g4 c5 19. Rg1 d5 20. g5 hxg5 21. Qxg5 Nh7 22.
Qg3 Qxf5 23. Nxd5 Qxf2 24. Bxd4 Qxg3+ 25. Kxg3 exd4 26. Nxb4 cxb4 27. c5 Ng5
28. c6 Ne6 29. Rge1 Rfe8 30. h4 Kf8 31. Bh3 Ke7 32. Bxe6 fxe6 33. Re4 Rb6 34.
Rc1 Rc8 35. c7 Rd6 36. Rg4 Kf7 37. Rg5 Rd7 38. Rgc5 Rd6 39. Kf4 Kf6 40. Ke4 Rd7
41. h5 Ke7 42. Ke5 Kf7 43. Rf1+ Kg8 44. Rfc1 Kf7 45. Rf1+ 1/2-1/2

[Event "4NCL/Div1/3CS1 vs. SWD1"]
[Site "Coventry ENG"]
[Date "2007.01.13"]
[Round "5.2"]
[White "Cooper, John G"]
[Black "Gordon, Stephen J"]
[Result "0-1"]
[WhiteElo "2345"]
[BlackElo "2486"]
[PlyCount "64"]
[EventDate "2007.01.13"]
[EventType "team"]
[EventRounds "11"]
[EventCountry "ENG"]
[WhiteTeam "S W Dragons 1"]
[BlackTeam "3Cs Oldham"]

1. d4 Nf6 2. c4 e6 3. Nc3 Bb4 4. e3 c5 5. Bd3 Nc6 6. Nf3 Bxc3+ 7. bxc3 d6 8. e4
e5 9. d5 Ne7 10. Nd2 O-O 11. Nf1 Ng6 12. Ne3 Nf4 13. Bc2 h6 14. O-O b6 15. Kh1
Rb8 16. g3 Ng6 17. Nf5 Re8 18. f4 exf4 19. Qf3 Bxf5 20. exf5 Ne5 21. Qxf4 b5
22. cxb5 Nxd5 23. Qd2 Nf6 24. Qg2 d5 25. Bf4 Rb7 26. Rae1 Rbe7 27. b6 axb6 28.
Ba4 Nd3 29. Rd1 Nxf4 30. gxf4 Re2 31. Qg3 R8e3 32. Rf3 Ne4 0-1

[Event "4NCL/Div1/3CS1 vs. SWD1"]
[Site "Coventry ENG"]
[Date "2007.01.13"]
[Round "5.3"]
[White "Haslinger, Stewart G"]
[Black "Dineley, Richard D P"]
[Result "1-0"]
[WhiteElo "2451"]
[BlackElo "2266"]
[PlyCount "91"]
[EventDate "2007.01.13"]
[EventType "team"]
[EventRounds "11"]
[EventCountry "ENG"]
[WhiteTeam "3Cs Oldham"]
[BlackTeam "S W Dragons 1"]

1. e4 c5 2. Nf3 e6 3. Nc3 Nc6 4. d4 cxd4 5. Nxd4 a6 6. Nxc6 bxc6 7. Bd3 d5 8.
O-O Nf6 9. Re1 Be7 10. e5 Nd7 11. Qg4 g6 12. Na4 Qa5 13. Bh6 c5 14. c3 Bb7 15.
Bc2 Qc7 16. Qf4 Bf8 17. Bxf8 Rxf8 18. b4 f5 19. bxc5 Nxc5 20. Nxc5 Qxc5 21.
Ba4+ Kf7 22. Re3 Bc6 23. h4 Ra7 24. Rb1 Kg8 25. Rg3 Bb5 26. Bxb5 axb5 27. h5
Rg7 28. hxg6 hxg6 29. Qh6 Kf7 30. a4 Rb8 31. Qg5 Qe7 32. Qxe7+ Kxe7 33. f4 Kf8
34. axb5 Kg8 35. Kf2 Kh7 36. Rh1+ Kg8 37. Rb1 Kh7 38. Ke2 Rgb7 39. Rh1+ Kg7 40.
Rgh3 g5 41. Rh7+ Kg8 42. Rh8+ Kg7 43. R1h7+ Kg6 44. Rh6+ Kf7 45. R8h7+ Kf8 46.
Rf6+ 1-0

[Event "4NCL/Div1/3CS1 vs. SWD1"]
[Site "Coventry ENG"]
[Date "2007.01.13"]
[Round "5.4"]
[White "Kett, Timothy"]
[Black "Arakhamia-Grant, Ketevan"]
[Result "0-1"]
[WhiteElo "2237"]
[BlackElo "2437"]
[PlyCount "80"]
[EventDate "2007.01.13"]
[EventType "team"]
[EventRounds "11"]
[EventCountry "ENG"]
[WhiteTeam "S W Dragons 1"]
[BlackTeam "3Cs Oldham"]

1. e4 c5 2. Nf3 e6 3. d3 d5 4. Nbd2 Nc6 5. g3 g6 6. Bg2 Bg7 7. O-O Nge7 8. Re1
O-O 9. Qe2 h6 10. h4 b5 11. a4 b4 12. Nb3 c4 13. dxc4 Ba6 14. exd5 exd5 15.
Nfd2 Rc8 16. Nc5 Bxc4 17. Nxc4 dxc4 18. Qxc4 Nd4 19. Be3 Nef5 20. Bd2 a5 21.
Be4 Qd6 22. Bf4 Qxc5 23. Qxc5 Rxc5 24. g4 Nxh4 25. Bd6 Nhf3+ 26. Kf1 Nxe1 27.
Bxc5 Nexc2 28. Rc1 Re8 29. Bxc2 Nxc2 30. Rxc2 Rc8 31. Rc1 Bd4 32. Bxd4 Rxc1+
33. Ke2 Rc4 34. Kd3 Rc7 35. Ke4 h5 36. gxh5 gxh5 37. Ke5 Kg7 38. Kd5+ f6 39. f4
Kf7 40. b3 Ke7 0-1

[Event "4NCL/Div1/3CS1 vs. SWD1"]
[Site "Coventry ENG"]
[Date "2007.01.13"]
[Round "5.6"]
[White "James, David J"]
[Black "Walton, Alan J"]
[Result "0-1"]
[WhiteElo "2224"]
[BlackElo "2235"]
[PlyCount "80"]
[EventDate "2007.01.13"]
[EventType "team"]
[EventRounds "11"]
[EventCountry "ENG"]
[WhiteTeam "S W Dragons 1"]
[BlackTeam "3Cs Oldham"]

1. d4 e6 2. Nf3 f5 3. g3 Nf6 4. Bg2 Be7 5. c4 d6 6. Nc3 O-O 7. O-O Ne4 8. Nxe4
fxe4 9. Ne1 d5 10. b3 c5 11. e3 Nc6 12. Nc2 a5 13. f3 exf3 14. Rxf3 Rxf3 15.
Bxf3 Bf6 16. Bb2 a4 17. Bc3 Ne7 18. Qd2 cxd4 19. exd4 Nf5 20. Rd1 axb3 21. axb3
Ra2 22. Qd3 dxc4 23. bxc4 Qc7 24. Bg2 h6 25. Ra1 Rxa1+ 26. Nxa1 b6 27. Nc2 Ba6
28. Bf1 Qd6 29. Qe4 Qd7 30. Qa8+ Bc8 31. Qe4 Bb7 32. Qd3 Qc6 33. d5 Qc5+ 34.
Kg2 Bxc3 35. Qxc3 Bxd5+ 36. Kh3 Nd6 37. Ne3 Bf3 38. g4 Ne4 39. Qe1 Ng5+ 40. Kg3
Qe5+ 0-1

[Event "4NCL/Div1/3CS1 vs. SWD1"]
[Site "Coventry ENG"]
[Date "2007.01.13"]
[Round "5.7"]
[White "Bentley, John L"]
[Black "Morris, Charles F"]
[Result "1-0"]
[WhiteElo "2241"]
[BlackElo "2207"]
[PlyCount "65"]
[EventDate "2007.01.13"]
[EventType "team"]
[EventRounds "11"]
[EventCountry "ENG"]
[WhiteTeam "3Cs Oldham"]
[BlackTeam "S W Dragons 1"]

1. d4 d5 2. Nf3 Nf6 3. c4 c6 4. Nc3 dxc4 5. a4 Bf5 6. e3 e6 7. Bxc4 Bb4 8. O-O
Nbd7 9. Qe2 Bg6 10. h3 O-O 11. Rd1 Qe7 12. Nh4 e5 13. Nxg6 hxg6 14. Qc2 Nb6 15.
Bb3 e4 16. Na2 Bd6 17. a5 Nbd5 18. a6 Rab8 19. axb7 Rxb7 20. Bc4 Qe6 21. Bf1 g5
22. g3 Rc7 23. Bd2 g6 24. Bg2 Kg7 25. Ba5 Rcc8 26. Nc3 Rfe8 27. Re1 Re7 28. Na4
Bb4 29. Nc5 Qd6 30. Bxb4 Nxb4 31. Qc4 Rb8 32. Ra4 Qd5 33. Rxb4 1-0

[Event "4NCL/Div1/3CS1 vs. SWD1"]
[Site "Coventry ENG"]
[Date "2007.01.13"]
[Round "5.8"]
[White "Wilson, Julie"]
[Black "James, Dale R"]
[Result "0-1"]
[WhiteElo "1932"]
[BlackElo "2160"]
[PlyCount "99"]
[EventDate "2007.01.13"]
[EventType "team"]
[EventRounds "11"]
[EventCountry "ENG"]
[WhiteTeam "S W Dragons 1"]
[BlackTeam "3Cs Oldham"]

1. d4 Nf6 2. c4 g6 3. Nc3 d5 4. cxd5 Nxd5 5. e4 Nxc3 6. bxc3 c5 7. Bc4 Bg7 8.
Ne2 Nc6 9. Be3 O-O 10. O-O Na5 11. Bd3 c4 12. Bc2 e5 13. d5 b6 14. Qd2 Nb7 15.
f4 f6 16. fxe5 fxe5 17. Rxf8+ Qxf8 18. Rf1 Qe7 19. Ba4 Nd6 20. Ng3 Bf6 21. Qf2
Bh4 22. Bh6 Ba6 23. Bc2 Re8 24. Qf3 Bc8 25. Ne2 Nf7 26. Bd2 Nd6 27. Bh6 Rd8 28.
Kh1 Bg5 29. Bxg5 Qxg5 30. Qf6 Qxf6 31. Rxf6 Kg7 32. Rf2 Bg4 33. h3 Bxe2 34.
Rxe2 Rf8 35. Kg1 Rf4 36. Re3 Kf7 37. g3 Rf6 38. Bd1 Ke7 39. Bf3 Rf8 40. Kf2 Rc8
41. Ke2 Rc5 42. Kd1 Ra5 43. Re2 Ra3 44. Rc2 b5 45. Kd2 b4 46. Be2 Nxe4+ 47. Kc1
b3 48. axb3 cxb3 49. Rb2 Ra1+ 50. Rb1 0-1